[Event "Mar del Plata op 31st"]
[Site "Mar del Plata"]
[Date "2000.04.20"]
[Round "6"]
[White "Giaccio, Alfredo Gustavo"]
[Black "Rubinetti, Jorge Alberto"]
[Result "1/2-1/2"]
[WhiteElo "2508"]
[BlackElo "2441"]
[PlyCount "88"]
[EventDate "2000.04.15"]
[Source "ChessBase"]
[SourceDate "2000.05.11"]

1. e4 e5 2. Nf3 Nc6 3. Bb5 a6 4. Ba4 d6 5. O-O Bd7 6. c3 Nge7 7. d4 Ng6 8. Be3 Be7 9. d5 Nb8 10. c4 O-O 11. Nc3 Bg4 12. h3 Bxf3 13. Qxf3 a5 14. Qg4 Qc8 15. g3 Qxg4 16. hxg4 h6 17. Rab1 Na6 18. a3 Bg5 19. f4 Bf6 20. Nb5 Rfd8 21. Kg2 Nf8 22. Bc2 Nd7 23. Bd2 Nb6 24. Bd3 Nc5 25. Be2 Nxe4 26. Be3 exf4 27. gxf4 Rac8 28. Kf3 Re8 29. Rfd1 Na4 30. Bd3 Nec5 31. Bf5 Nxb2 32. Rxb2 Rxe3+ 33. Kxe3 Re8+ 34. Kf3 Bxb2 35. Nxc7 Rd8 36. Nb5 g6 37. Bc2 Kg7 38. Re1 Bf6 39. Rh1 Rd7 40. Rh2 Be7 41. Re2 Kf8 42. Rh2 Kg7 43. Re2 Kf6 44. Re1 Kg7 1/2-1/2

[Event "Buenos Aires ol (Men)"]
[Site "Buenos Aires ARG"]
[Date "1978.??.??"]
[Round "4"]
[White "Unzicker, Wolfgang"]
[Black "Rantanen, Yrjo A"]
[Result "0-1"]
[WhiteElo "2525"]
[BlackElo "2420"]
[PlyCount "70"]
[EventDate "1978.10.25"]
[Source "www.chesslib.no"]
[SourceDate "2004.05.04"]

1. e4 e5 2. Nf3 Nc6 3. Bb5 a6 4. Ba4 Nge7 5. O-O d6 6. c3 Bd7 7. d4 Ng6 8. Nbd2 Be7 9. Re1 O-O 10. Nf1 f5 11. exf5 Bxf5 12. Bxc6 bxc6 13. dxe5 Bg4 14. Qb3+ Kh8 15. exd6 Bxd6 16. Ng5 Qd7 17. h3 Bf5 18. Ne3 Qe7 19. Nf3 Rae8 20. Nc2 Be6 21. Rxe6 Qxe6 22. Qxe6 Rxe6 23. Ncd4 Ree8 24. Be3 Bf4 25. Re1 c5 26. Nb3 Ne5 27. Nxe5 Rxe5 28. Nd2 Bxe3 29. fxe3 Kg8 30. Nc4 Re4 31. b3 Rd8 32. Kf2 h5 33. Ke2 Re6 34. Kf3 Rf8+ 35. Kg3 Rg6+ 0-1

[Event "Buenos Aires zt 2.5"]
[Site "Buenos Aires"]
[Date "2000.??.??"]
[Round "3"]
[White "Spangenberg, Hugo"]
[Black "Roselli, Bernardo"]
[Result "1/2-1/2"]
[WhiteElo "2542"]
[BlackElo "2400"]
[PlyCount "131"]
[EventDate "2000.07.26"]
[Source "ChessBase"]
[SourceDate "2000.11.21"]

1. e4 e5 2. Nf3 Nc6 3. Bb5 a6 4. Ba4 d6 5. c3 Bd7 6. O-O Nge7 7. d4 Ng6 8. Be3 Be7 9. d5 Nb8 10. c4 O-O 11. Nc3 Bxa4 12. Nxa4 f5 13. c5 fxe4 14. Nd2 Nd7 15. Nxe4 Nxc5 16. Naxc5 dxc5 17. Qb3 Kh8 18. Qxb7 Rb8 19. Qxa6 Qxd5 20. Nc3 Qf7 21. b3 Nh4 22. Qe2 Rb6 23. Ne4 Rg6 24. Ng3 e4 25. Rac1 Qd5 26. Rfd1 Qe5 27. Rc4 Nf5 28. Nxe4 Bd6 29. Ng3 Nxe3 30. Qxe3 Qxe3 31. fxe3 Ra8 32. Rd2 Bxg3 33. hxg3 Rxg3 34. Rxc5 Rxe3 35. Rxc7 h6 36. Kf2 Re6 37. Rc3 Ra3 38. Re3 Rf6+ 39. Ke1 Kh7 40. Kd1 Rfa6 41. Ree2 Kg6 42. Kc1 Kf5 43. Kb1 Kf4 44. Rd4+ Kg3 45. Rc2 g5 46. Rdc4 g4 47. R4c3+ Kh2 48. g3+ Kh3 49. b4 R6a4 50. b5 Rb4+ 51. Rb2 Rxc3 52. Rxb4 h5 53. Kb2 Rc8 54. Rb3 h4 55. gxh4+ Kxh4 56. a4 g3 57. Ka3 Rc1 58. Rb2 Kh3 59. a5 g2 60. Rxg2 Kxg2 61. a6 Kf3 62. Kb4 Ra1 63. Kc5 Ke4 64. b6 Ra5+ 65. Kc6 Rxa6 66. Kc7 1/2-1/2

[Event "Warszawa Cup5-A"]
[Site "Warsaw POL"]
[Date "1979.??.??"]
[Round "9"]
[White "Vogt, Lothar H"]
[Black "Luczak, Andrzej"]
[Result "1/2-1/2"]
[WhiteElo "2500"]
[BlackElo "2440"]
[PlyCount "31"]
[EventDate "1979.05.??"]
[Source "www.chesslib.no"]
[SourceDate "2004.05.04"]

1. e4 e5 2. Nf3 Nc6 3. Bb5 a6 4. Ba4 d6 5. c3 Bd7 6. O-O Nge7 7. d4 Ng6 8. Be3 Be7 9. Nbd2 O-O 10. Bc2 h6 11. d5 Nb8 12. c4 a5 13. b3 Na6 14. a3 c5 15. dxc6 bxc6 16. Qe2 1/2-1/2

[Event "Dortmund-B"]
[Site "Dortmund"]
[Date "1990.??.??"]
[Round "?"]
[White "Mainka, Romuald"]
[Black "Lazic, Miroljub"]
[Result "0-1"]
[WhiteElo "2445"]
[BlackElo "2495"]
[PlyCount "88"]
[EventDate "1990.04.??"]
[Source "ChessBase"]

1. e4 e5 2. Nf3 Nc6 3. Bb5 a6 4. Ba4 d6 5. O-O Nge7 6. c3 Bd7 7. d4 Ng6 8. Qe2 Be7 9. Rd1 Qc8 10. d5 Nb8 11. Bxd7+ Nxd7 12. c4 O-O 13. Nc3 h6 14. Be3 Nf6 15. Ne1 c5 16. dxc6 Qxc6 17. Bd2 Bd8 18. Rac1 Bb6 19. Nd3 Bd4 20. Nb4 Qb6 21. Na4 Qa7 22. b3 Rae8 23. Nc3 Qc5 24. Nbd5 Nxd5 25. Nxd5 f5 26. Kh1 Nf4 27. Bxf4 exf4 28. b4 Qa7 29. c5 dxc5 30. bxc5 Rxe4 31. Qc4 Bb2 32. Nf6+ Kh8 33. Nxe4 Bxc1 34. Nd6 Ba3 35. Rd5 b6 36. Qxf4 Bxc5 37. Rxf5 Rxf5 38. Nxf5 Qf7 39. g3 Qxa2 40. Qe5 Qf7 41. Kg2 a5 42. f3 Kh7 43. h4 g6 44. Nd6 Qc7 0-1

[Event "Open"]
[Site "?"]
[Date "2005.01.23"]
[Round "2"]
[White "Palac Mladen"]
[Black "Olivier Jean-Christophe"]
[Result "1/2-1/2"]
[WhiteElo "2575"]
[BlackElo "2364"]
[PlyCount "65"]
[EventDate "2005.??.??"]
[Source "www.chesslib.no"]
[SourceDate "2004.05.04"]

1. e4 e5 2. Nf3 Nc6 3. Bb5 a6 4. Ba4 Nge7 5. c3 d6 6. d4 Bd7 7. Bb3 h6 8. Be3 Ng6 9. Nbd2 Be7 10. O-O Bg5 11. d5 Na7 12. Nxg5 hxg5 13. f3 Nc8 14. Rf2 Nf4 15. Nf1 Ne7 16. c4 b6 17. Bc2 a5 18. b3 f6 19. a3 Kf7 20. b4 axb4 21. axb4 Rxa1 22. Qxa1 Qa8 23. Qc3 Qa6 24. Bb3 Ra8 25. Bxf4 exf4 26. Ra2 Qb7 27. Qa1 Rxa2 28. Qxa2 Kf8 29. Nd2 Ng6 30. Bd1 Ne5 31. Be2 Bc8 32. Nb3 Qa6 33. Qxa6 1/2-1/2

[Event "XIX Czech Chladek & Tintera A Open"]
[Site "Pardubice CEC"]
[Date "2008.07.21"]
[Round "4"]
[White "Geller, J."]
[Black "Klovans, J."]
[Result "1/2-1/2"]
[WhiteElo "2510"]
[BlackElo "2428"]
[PlyCount "44"]
[EventDate "2008.07.18"]
[Source "www.chesslib.no"]
[SourceDate "2004.05.04"]

1. e4 e5 2. Nf3 Nc6 3. Bb5 a6 4. Ba4 d6 5. c3 Bd7 6. d4 Nf6 7. Nbd2 g6 8. O-O Bg7 9. Bxc6 Bxc6 10. dxe5 dxe5 11. Nxe5 Bxe4 12. Nxe4 Qxd1 13. Rxd1 Nxe4 14. Nc4 O-O 15. Bf4 Rac8 16. f3 Nc5 17. Rd2 Na4 18. Be5 Bh6 19. Re2 f6 20. Bg3 b5 21. Na5 c5 22. Rae1 Rf7 1/2-1/2

[Event "Balkaniad tt"]
[Site "Albena"]
[Date "1977.??.??"]
[Round "?"]
[White "Tringov, Georgi P"]
[Black "Ghitescu, Theodor"]
[Result "1/2-1/2"]
[WhiteElo "2495"]
[BlackElo "2440"]
[PlyCount "108"]
[EventDate "1977.??.??"]
[Source "www.chesslib.no"]
[SourceDate "2004.05.04"]

1. e4 e5 2. Nf3 Nc6 3. Bb5 Nge7 4. c3 a6 5. Ba4 d6 6. d4 Bd7 7. O-O Ng6 8. Be3 Be7 9. Nbd2 h6 10. b4 Bg5 11. Nxg5 hxg5 12. d5 Nb8 13. c4 Nf4 14. c5 Qf6 15. Bxf4 gxf4 16. Re1 Qh6 17. Nf1 Kd8 18. Bxd7 Nxd7 19. Rc1 Nf6 20. f3 Ne8 21. Rc3 Qg5 22. Qe2 Rh6 23. Rec1 Qe7 24. c6 b5 25. Ra3 Qg5 26. Ra5 f5 27. exf5 Nf6 28. a4 bxa4 29. Ra1 Qxf5 30. R1xa4 Rg6 31. b5 Nxd5 32. Rxa6 Rc8 33. Ra1 Re6 34. h3 e4 35. fxe4 Rxe4 36. Qf2 Qf6 37. Nd2 Rb4 38. Nf3 Rb2 39. Ra8 Rxa8 40. Rxa8+ Ke7 41. Qd4 Rb1+ 42. Kh2 Qxd4 43. Nxd4 Rb4 44. Nf5+ Kf6 45. Rf8+ Ke5 46. Nxg7 Rxb5 47. Rf5+ Ke4 48. h4 Rb2 49. Kg1 Ne3 50. Rg5 Rb1+ 51. Kh2 Nf1+ 52. Kh3 Ne3 53. Kh2 Nf1+ 54. Kh3 Ne3 1/2-1/2

[Event "Balaton Summer GM"]
[Site "?"]
[Date "2002.06.26"]
[Round "7"]
[White "Balogh Csaba"]
[Black "Gretarsson Helgi Ass"]
[Result "1/2-1/2"]
[WhiteElo "2413"]
[BlackElo "2521"]
[PlyCount "118"]
[EventDate "2002.??.??"]
[Source "www.chesslib.no"]
[SourceDate "2004.05.04"]

1. e4 e5 2. Nf3 Nc6 3. Bb5 Nge7 4. O-O a6 5. Ba4 d6 6. c3 Bd7 7. d4 Ng6 8. d5 Nb8 9. c4 a5 10. Nc3 Be7 11. a3 O-O 12. Bxd7 Qxd7 13. b3 Na6 14. Be3 f5 15. exf5 Qxf5 16. Rb1 Nc5 17. Bxc5 dxc5 18. Nd2 Nf4 19. Nde4 Ra6 20. f3 Rg6 21. Rb2 Rd8 22. Kh1 Ne6 23. Qe1 Nd4 24. Ne2 b6 25. Nxd4 cxd4 26. Re2 Bxa3 27. Ng3 Qd3 28. Rxe5 Rf8 29. Qd1 Qxd1 30. Rxd1 Bd6 31. Re4 Rh6 32. Kg1 Bc5 33. Ne2 d3+ 34. Nd4 c6 35. Rxd3 cxd5 36. cxd5 Rd8 37. Re5 Rhd6 38. Kf2 Rxd5 39. Rxd5 Rxd5 40. Ke3 b5 41. Ke4 Rxd4+ 42. Rxd4 Bxd4 43. Kxd4 Kf7 44. Kc5 a4 45. bxa4 bxa4 46. Kb4 Ke6 47. Kxa4 Kd5 48. Kb5 h5 49. g3 Kd4 50. Kc6 Ke3 51. Kd5 Kxf3 52. Ke6 Kg4 53. Kf7 g5 54. Kf6 h4 55. gxh4 gxh4 56. Ke5 Kh3 57. Kf4 Kxh2 58. Kf3 Kh3 59. Kf2 Kh2 1/2-1/2

[Event "Moscow Open"]
[Site "Moscow RUS"]
[Date "1990.??.??"]
[Round "?"]
[White "Savon, Vladimir A"]
[Black "Lukin, Andrei M"]
[Result "1-0"]
[WhiteElo "2455"]
[BlackElo "2470"]
[PlyCount "55"]
[EventDate "1990.09.??"]
[Source "www.chesslib.no"]
[SourceDate "2004.05.04"]

1. e4 e5 2. Nf3 Nc6 3. Bb5 a6 4. Ba4 d6 5. c3 Bd7 6. O-O Nge7 7. d4 Ng6 8. Na3 Be7 9. Nc2 b5 10. Bb3 Na5 11. Nb4 c6 12. Bc2 O-O 13. b3 Qc7 14. Bd2 Bf6 15. Be3 Ne7 16. Nd3 Ng6 17. h3 Nb7 18. b4 a5 19. a4 bxa4 20. Bxa4 Rfe8 21. dxe5 dxe5 22. Bb3 axb4 23. cxb4 Rxa1 24. Qxa1 Nd6 25. Nc5 Bc8 26. Rd1 Nf4 27. Bxf4 exf4 28. e5 1-0

[Event "IHEM 2003"]
[Site "Hamburg"]
[Date "2003.06.12"]
[Round "7.6"]
[White "Baramidze, David"]
[Black "Vokac, Marek"]
[Result "1-0"]
[WhiteElo "2440"]
[BlackElo "2484"]
[PlyCount "97"]
[EventDate "2003.06.07"]
[Source "Roberto Alvarez"]
[SourceDate "2003.06.16"]

1. e4 e5 2. Nf3 Nc6 3. Bb5 a6 4. Ba4 d6 5. c3 Bd7 6. O-O Nge7 7. Re1 Ng6 8. d4 Be7 9. Nbd2 O-O 10. dxe5 dxe5 11. Nf1 Nh4 12. Ne3 Nxf3+ 13. Qxf3 Bg5 14. Nd5 Bxc1 15. Raxc1 b5 16. Bc2 Na5 17. Rcd1 c6 18. Nb6 Ra7 19. Qe3 Rb7 20. Nxd7 Rxd7 21. Qc5 Qe7 22. Qb6 Nc4 23. Qxc6 Rxd1 24. Bxd1 Nxb2 25. Qxa6 Qc5 26. Qa5 g6 27. Be2 Nc4 28. Qb4 Rc8 29. Rb1 Nd6 30. Bxb5 Nxb5 31. Qxb5 Qxc3 32. a4 Rc5 33. Qb8+ Kg7 34. h4 h5 35. g3 Rc4 36. Qa8 Qf3 37. Re1 Rc2 38. Qa7 Re2 39. Rxe2 Qxe2 40. Qa8 Qf3 41. Qd5 Qc3 42. a5 Qc1+ 43. Kg2 Qa1 44. Qb5 g5 45. hxg5 Kg6 46. a6 h4 47. Qb6+ Kxg5 48. gxh4+ Kf4 49. Qe3+ 1-0

[Event "St Petersburg op"]
[Site "St Petersburg"]
[Date "1994.??.??"]
[Round "3"]
[White "Balashov, Yuri S"]
[Black "Nikolaidis, Ioannis"]
[Result "1/2-1/2"]
[WhiteElo "2510"]
[BlackElo "2410"]
[PlyCount "43"]
[EventDate "1994.02.??"]
[Source "ChessBase"]

1. e4 e5 2. Nf3 Nc6 3. Bb5 a6 4. Ba4 d6 5. c3 Nge7 6. d4 Bd7 7. Bb3 h6 8. Nbd2 Ng6 9. Nc4 Be7 10. Ne3 Bg5 11. O-O Bxe3 12. fxe3 O-O 13. Qe1 Nce7 14. Qg3 Be6 15. Bc2 f6 16. Bd2 Qe8 17. Rf2 a5 18. a4 Qf7 19. Ra3 Qe8 20. b3 c6 21. h3 Kh7 22. Kh2 1/2-1/2

[Event "Saint John op-2"]
[Site "Saint John"]
[Date "1988.??.??"]
[Round "?"]
[White "Gruenfeld, Yehuda"]
[Black "Hamilton, Robert"]
[Result "1-0"]
[WhiteElo "2550"]
[BlackElo "2365"]
[PlyCount "56"]
[EventDate "1988.01.??"]
[Source "ChessBase"]

1. e4 e5 2. Nf3 Nc6 3. Bb5 a6 4. Ba4 d6 5. O-O Bd7 6. c3 Nge7 7. d4 Ng6 8. Re1 Be7 9. Nbd2 O-O 10. Bc2 Nh4 11. h3 Bg5 12. Nxh4 Bxh4 13. Nf3 Bf6 14. Be3 Ne7 15. Qd2 Ng6 16. Rad1 Bc6 17. Nh2 h6 18. g3 Bg5 19. f4 exf4 20. gxf4 Bh4 21. f5 Bxe1 22. Qxe1 Nh8 23. Qg3 Re8 24. Bxh6 g6 25. e5 dxe5 26. dxe5 Qe7 27. Ng4 Qc5+ 28. Kh2 f6 1-0

[Event "Belgrade schev"]
[Site "?"]
[Date "1999.??.??"]
[Round "6"]
[White "Vuckovic Bojan"]
[Black "Vojinovic Goran"]
[Result "1-0"]
[WhiteElo "2467"]
[BlackElo "2443"]
[PlyCount "119"]
[EventDate "1999.??.??"]
[Source "www.chesslib.no"]
[SourceDate "2004.05.04"]

1. e4 e5 2. Nf3 Nc6 3. Bb5 a6 4. Ba4 d6 5. c3 Bd7 6. O-O Nge7 7. d4 Ng6 8. Be3 Be7 9. Nbd2 O-O 10. Re1 Bf6 11. a3 Nh4 12. h3 Nxf3+ 13. Nxf3 Re8 14. Bc2 Qe7 15. b4 Red8 16. Qd2 Qe8 17. d5 Na7 18. c4 Be7 19. c5 Qf8 20. Qc3 Rdc8 21. Bb3 Kh8 22. c6 bxc6 23. dxc6 Be8 24. Bd5 f5 25. exf5 Qxf5 26. Qc4 Rcb8 27. Nd2 Nc8 28. Ne4 Bg6 29. f4 Nb6 30. Bxb6 Rxb6 31. fxe5 dxe5 32. Rf1 Qc8 33. Be6 Qe8 34. Bf7 Bxf7 35. Rxf7 Rxc6 36. Qd5 Bf6 37. Rf1 Rd8 38. Qb3 Qg8 39. Rf3 Rf8 40. Rxf8 Qxf8 41. Ng5 h6 42. Nf7+ Kh7 43. Qd3+ g6 44. Ng5+ Kh8 45. Ne4 Qe7 46. Qd5 Rb6 47. a4 Kg7 48. a5 Re6 49. b5 axb5 50. Nxf6 Rxf6 51. Rxf6 Qxf6 52. Qd7+ Kf8 53. Qc8+ Ke7 54. Qxc7+ Ke8 55. Qb8+ Kd7 56. Qb7+ Kd8 57. a6 Qf4 58. Qd5+ Ke7 59. Qc5+ Kf7 60. Qf2 1-0

[Event "Bundesliga 9798"]
[Site "Germany"]
[Date "1998.??.??"]
[Round "?.7"]
[White "Vogt, Lothar"]
[Black "Zude, Arno"]
[Result "1-0"]
[WhiteElo "2515"]
[BlackElo "2395"]
[PlyCount "81"]
[EventDate "1997.10.??"]
[Source "ChessBase"]
[SourceDate "1999.07.01"]

1. e4 e5 2. Nf3 Nc6 3. Bb5 a6 4. Ba4 d6 5. O-O Bd7 6. c3 Nge7 7. d4 h6 8. d5 Nb8 9. c4 g6 10. Nc3 Bg7 11. Be3 O-O 12. Nd2 c5 13. dxc6 Nbxc6 14. Nb3 Be6 15. Nd5 Bxd5 16. cxd5 Nb8 17. Nd2 b5 18. Bc2 Nd7 19. a4 f5 20. f3 Rb8 21. axb5 axb5 22. Bd3 Nc5 23. Be2 Qd7 24. Nb3 Na4 25. Qd2 Kh7 26. Na5 Rfc8 27. Rfc1 h5 28. Rxc8 Qxc8 29. Rc1 Qd7 30. Nc6 Nxc6 31. dxc6 Qc7 32. exf5 gxf5 33. Bd3 e4 34. fxe4 Nxb2 35. exf5 Bf6 36. Bf1 Nc4 37. Bxc4 bxc4 38. Rxc4 Rb5 39. Qe2 Rb1+ 40. Kf2 Kg8 41. Qxh5 1-0

[Event "Hellir op"]
[Site "Reykjavik"]
[Date "1997.10.25"]
[Round "2"]
[White "Vidarsson, Jon G"]
[Black "Keitlinghaus, Ludger"]
[Result "0-1"]
[WhiteElo "2380"]
[BlackElo "2525"]
[PlyCount "120"]
[EventDate "1997.10.24"]
[Source "ChessBase"]
[SourceDate "1998.03.09"]

1. e4 e5 2. Nf3 Nc6 3. Bb5 a6 4. Ba4 Nge7 5. c3 d6 6. d4 Bd7 7. Bb3 h6 8. Be3 Ng6 9. Nbd2 Be7 10. Nf1 Nh4 11. Nxh4 Bxh4 12. Qh5 g6 13. Qf3 Qe7 14. d5 Na5 15. Bc2 Nc4 16. Bc1 Bg5 17. Ne3 Nxe3 18. Bxe3 Bxe3 19. Qxe3 Qg5 20. Qg3 f5 21. Qxg5 hxg5 22. f3 Ke7 23. h3 g4 24. fxg4 fxg4 25. h4 Raf8 26. O-O-O Rf2 27. g3 Rhf8 28. Rhg1 Bb5 29. a4 Be2 30. Rde1 Rh2 31. Rh1 Rff2 32. Rxh2 Rxh2 33. Rg1 Bf3 34. Bd3 a5 35. Bc2 Kd8 36. Bd3 Kc8 37. b3 Kd8 38. Bc2 Kc8 39. Bd3 Kb8 40. Bc2 Ka7 41. Bd3 Kb6 42. Bc2 Kc5 43. Bd3 Rf2 44. Bc2 Bg2 45. Bd3 Bf3 46. Bc2 Be2 47. Kd2 Rh2 48. Kc1 b5 49. axb5 Kxb5 50. Re1 Kc5 51. Kd2 Bf3+ 52. Kd3 Rg2 53. b4+ axb4 54. cxb4+ Kb6 55. Ba4 Rxg3 56. Be8 Rh3 57. Ra1 Bh1+ 58. Ke2 Bxe4 59. Bc6 Bd3+ 60. Kf2 Bb5 0-1

[Event "Biel Open"]
[Site "Biel SUI"]
[Date "1990.??.??"]
[Round "6"]
[White "Dzevlan, Miralem"]
[Black "Wedberg, Tom"]
[Result "1/2-1/2"]
[WhiteElo "2420"]
[BlackElo "2485"]
[PlyCount "37"]
[EventDate "1990.07.??"]
[Source "www.chesslib.no"]
[SourceDate "2004.05.04"]

1. e4 e5 2. Nf3 Nc6 3. Bb5 a6 4. Ba4 d6 5. O-O Bd7 6. c3 Nge7 7. d4 Ng6 8. Be3 Be7 9. c4 h6 10. Nc3 Bg5 11. d5 Nb8 12. Qd2 Bxe3 13. Qxe3 Nh4 14. Nxh4 Qxh4 15. b4 Qg5 16. Qe2 Qe7 17. Qe3 Qg5 18. Qe2 Qe7 19. Qe3 1/2-1/2

[Event "RUS-chT"]
[Site "Tomsk"]
[Date "2001.05.17"]
[Round "5"]
[White "Klimov, Sergey"]
[Black "Gabdrakhmanov, Rafail"]
[Result "1-0"]
[WhiteElo "2438"]
[BlackElo "2463"]
[PlyCount "95"]
[EventDate "2001.05.13"]
[Source "ChessBase"]
[SourceDate "2001.07.03"]

1. e4 e5 2. Nf3 Nc6 3. Bb5 a6 4. Ba4 d6 5. c3 Bd7 6. O-O Nge7 7. d4 Ng6 8. Re1 Be7 9. Nbd2 h6 10. Nf1 Bg5 11. Ne3 Bxe3 12. Bxe3 O-O 13. Bb3 Qf6 14. dxe5 Ncxe5 15. Nxe5 Nxe5 16. f3 Rad8 17. Qd2 Be6 18. Bd4 Bxb3 19. axb3 Rfe8 20. Kh1 Qe6 21. c4 Nc6 22. Bc3 f5 23. Qc2 fxe4 24. Rxe4 Qf7 25. Rae1 Rxe4 26. Qxe4 Rd7 27. Qg4 Kh7 28. h3 Re7 29. Rxe7 Qxe7 30. Qf5+ Kg8 31. b4 Nd8 32. f4 Qe6 33. Qd3 Nc6 34. Qg3 g6 35. Qd3 Kf7 36. g4 Ne7 37. Kg2 b5 38. b3 h5 39. gxh5 gxh5 40. cxb5 Nd5 41. f5 Ne3+ 42. Kf3 Nxf5 43. bxa6 Nh4+ 44. Kg3 Nf5+ 45. Kh2 d5 46. a7 Qd6+ 47. Kh1 Ng3+ 48. Kg2 1-0

[Event "Biel-B"]
[Site "Biel"]
[Date "1990.??.??"]
[Round "6"]
[White "Brunner, Lucas"]
[Black "D'Amore, Carlo"]
[Result "1/2-1/2"]
[WhiteElo "2475"]
[BlackElo "2425"]
[PlyCount "113"]
[EventDate "1990.07.??"]
[Source "ChessBase"]

1. e4 e5 2. Nf3 Nc6 3. Bb5 Nge7 4. c3 a6 5. Ba4 d6 6. d4 Bd7 7. Bb3 h6 8. Nbd2 Ng6 9. Nc4 Be7 10. d5 Nb8 11. Ne3 a5 12. Bc2 Na6 13. a3 O-O 14. Bd2 Nc5 15. b4 axb4 16. axb4 Rxa1 17. Qxa1 Na4 18. O-O Qa8 19. Qa3 Nb6 20. Ra1 Qxa3 21. Rxa3 Bb5 22. Be1 Be2 23. Nd2 Bg5 24. Ndf1 Ra8 25. Rxa8+ Nxa8 26. g3 Nb6 27. Bb3 Bxe3 28. Nxe3 Bf3 29. Bc2 Be2 30. Kg2 Nc4 31. Nf5 Kf8 32. f3 Na3 33. Bb3 Bc4 34. Bd1 Ne7 35. Ne3 Bd3 36. Bb3 b5 37. Kf2 Nc8 38. Nf5 h5 39. Ke3 Bc2 40. Bxc2 Nxc2+ 41. Kd2 Nxe1 42. Kxe1 Nb6 43. Ne3 Ke7 44. Kd2 g6 45. Kd3 Kd7 46. g4 hxg4 47. fxg4 g5 48. c4 bxc4+ 49. Nxc4 Nxc4 50. Kxc4 Kc8 51. Kb5 Kb7 52. Ka5 Ka7 53. b5 Kb7 54. b6 cxb6+ 55. Kb5 f6 56. h3 Kc7 57. Ka6 1/2-1/2

[Event "Makarska"]
[Site "?"]
[Date "1995.??.??"]
[Round "3"]
[White "Loncar Robert"]
[Black "Sermek Drazen"]
[Result "1/2-1/2"]
[WhiteElo "2385"]
[BlackElo "2515"]
[PlyCount "24"]
[EventDate "1995.??.??"]
[Source "www.chesslib.no"]
[SourceDate "2004.05.04"]

1. e4 e5 2. Nf3 Nc6 3. Bb5 a6 4. Ba4 d6 5. O-O Bd7 6. c3 Nge7 7. d4 Ng6 8. d5 Nb8 9. c4 Be7 10. Nc3 O-O 11. Bxd7 Nxd7 12. Be3 Nh4 1/2-1/2

[Event "Smederevska Palanka"]
[Site "Smederevska Palanka"]
[Date "1982.??.??"]
[Round "7"]
[White "Martinovic, Slobodan"]
[Black "Nikolic, Zivoslav"]
[Result "0-1"]
[WhiteElo "2460"]
[BlackElo "2430"]
[PlyCount "80"]
[EventDate "1982.06.??"]
[Source "ChessBase"]

1. e4 Nc6 2. Nf3 e5 3. Bb5 a6 4. Ba4 Nge7 5. O-O d6 6. c3 Bd7 7. d4 Ng6 8. Be3 Be7 9. d5 Nb8 10. c4 O-O 11. Bxd7 Nxd7 12. g3 Nf6 13. Nc3 Qd7 14. Ne1 c6 15. f3 cxd5 16. cxd5 Rfc8 17. Nd3 Bd8 18. Qb3 Ba5 19. Rfc1 Ne8 20. Kg2 Rc7 21. Rc2 Rac8 22. Rac1 Ne7 23. Qa3 Bxc3 24. bxc3 Rc4 25. Nb2 f5 26. Nxc4 Rxc4 27. Qb3 b5 28. Bg5 fxe4 29. fxe4 Nc8 30. Rf2 h6 31. Bd2 Nf6 32. Rcf1 Nxe4 33. Rf8+ Kh7 34. Qc2 Qg4 35. Qd3 Ne7 36. h3 Qg6 37. Be1 Nxc3 38. Qxg6+ Nxg6 39. Bxc3 Nxf8 40. Ba5 Kg8 0-1

[Event "Lost Boys op"]
[Site "Antwerp"]
[Date "1998.07.04"]
[Round "5"]
[White "De Vreugt, Dennis"]
[Black "Safin, Shukhrat"]
[Result "0-1"]
[WhiteElo "2380"]
[BlackElo "2510"]
[PlyCount "108"]
[EventDate "1998.08.??"]
[Source "www.chesslib.no"]
[SourceDate "2004.05.04"]

1. e4 e5 2. Nf3 Nc6 3. Bb5 a6 4. Ba4 d6 5. c3 Bd7 6. O-O Nge7 7. d4 Ng6 8. d5 Nb8 9. Bxd7+ Nxd7 10. c4 Be7 11. Nc3 h6 12. Be3 Bg5 13. b4 Bxe3 14. fxe3 O-O 15. Ne1 Qg5 16. Rf3 f5 17. Rg3 Qf6 18. exf5 e4 19. Qd2 Nh4 20. Rg4 Rae8 21. Rc1 Qxf5 22. Rf4 Qh5 23. Rxf8+ Nxf8 24. Qe2 Qg6 25. Nc2 Nd7 26. Rf1 Ne5 27. Rf4 Nhf3+ 28. Kh1 Nd3 29. Rxe4 Rxe4 30. Nxe4 Nfe5 31. Nf2 Nxf2+ 32. Qxf2 Nxc4 33. h3 Qe4 34. Nd4 Qxd5 35. Nf5 Qe4 36. Kh2 Qe5+ 37. Kh1 d5 38. Qf3 Qa1+ 39. Kh2 Qe5+ 40. Kh1 Kh7 41. Qg4 Nd2 42. Ng3 b6 43. Qe2 Ne4 44. Nxe4 Qxe4 45. Qd2 c5 46. bxc5 bxc5 47. a4 c4 48. Qa5 Qxe3 49. Qxa6 c3 50. Qc8 Qe1+ 51. Kh2 Qe5+ 52. Kh1 d4 53. Qc4 Qe4 54. a5 c2 0-1

[Event "Luzern ol (Men)"]
[Site "Lucerne SUI"]
[Date "1982.??.??"]
[Round "8"]
[White "Donchev, Dimitar I"]
[Black "Ciocaltea, Viktor"]
[Result "1/2-1/2"]
[WhiteElo "2430"]
[BlackElo "2460"]
[PlyCount "49"]
[EventDate "1982.10.??"]
[Source "www.chesslib.no"]
[SourceDate "2004.05.04"]

1. e4 e5 2. Nf3 Nc6 3. Bb5 a6 4. Ba4 Nge7 5. c3 d6 6. d4 Bd7 7. Bb3 h6 8. Qe2 Ng6 9. Qc4 Qf6 10. d5 b5 11. Qe2 Na5 12. Bd1 c6 13. a4 Qd8 14. axb5 axb5 15. b3 cxd5 16. exd5 Be7 17. Na3 O-O 18. O-O Qc7 19. Bd2 Qb7 20. Bc2 f5 21. b4 Nc4 22. Nxc4 bxc4 23. Rxa8 Rxa8 24. Rd1 Bf6 25. Qxc4 1/2-1/2

[Event "Barcelona Vulca"]
[Site "Barcelona"]
[Date "1991.??.??"]
[Round "1"]
[White "Vehi Bach, Victor Manuel"]
[Black "Rodriguez Vargas, Orestes"]
[Result "0-1"]
[WhiteElo "2420"]
[BlackElo "2470"]
[PlyCount "78"]
[EventDate "1991.06.??"]
[Source "ChessBase"]

1. e4 e5 2. Nf3 Nc6 3. Bb5 a6 4. Ba4 d6 5. c3 Bd7 6. O-O Nge7 7. d4 Ng6 8. Bb3 Be7 9. a4 h6 10. a5 Bg5 11. d5 Nce7 12. Nxg5 hxg5 13. Bxg5 f6 14. Be3 Kf7 15. Nd2 Qg8 16. Re1 Qh7 17. Nf1 Raf8 18. Ba4 Bc8 19. c4 Nh4 20. f3 f5 21. exf5 Bxf5 22. Bf2 Neg6 23. Bg3 Kg8 24. Ne3 Nf4 25. Rf1 Qh6 26. Ra3 Qg5 27. Bc2 Bd7 28. Be4 Rf6 29. Rf2 Rfh6 30. Ng4 Rh5 31. b4 g6 32. Qd2 Nf5 33. Bxf4 exf4 34. Qb2 Rxh2 35. Nxh2 Ng3 36. Rd2 Rxh2 37. Bd3 Qh4 38. Kf2 Rh1 39. Ra1 Ne4+ 0-1

[Event "Chigorin mem op"]
[Site "St Petersburg"]
[Date "2000.11.09"]
[Round "8"]
[White "Firman, Nazar"]
[Black "Kuzmin, Gennadi P"]
[Result "1-0"]
[WhiteElo "2361"]
[BlackElo "2528"]
[PlyCount "85"]
[EventDate "2000.10.31"]
[Source "www.chesslib.no"]
[SourceDate "2004.05.04"]

1. e4 e5 2. Nf3 Nc6 3. Bb5 a6 4. Ba4 d6 5. c3 Bd7 6. d4 Nf6 7. Qe2 Be7 8. d5 Nb8 9. Bc2 O-O 10. c4 c6 11. Nc3 a5 12. h3 Na6 13. O-O Nc7 14. Be3 cxd5 15. exd5 Na6 16. Nd2 Rc8 17. f4 Nb4 18. Bb1 exf4 19. Rxf4 g6 20. a3 Nh5 21. axb4 Nxf4 22. Bxf4 axb4 23. Nce4 Bf5 24. Nf2 Bd7 25. Bd3 f5 26. Nf3 Re8 27. Qd2 Qc7 28. Qxb4 Ra8 29. Rc1 Bf8 30. Qd2 Qa5 31. b4 Qa2 32. Qxa2 Rxa2 33. c5 dxc5 34. bxc5 Ra4 35. Be5 Rc8 36. c6 Bh6 37. Rc4 Rxc6 38. dxc6 Bxc6 39. Rxa4 Bxa4 40. Nd4 Be3 41. Kf1 Kf8 42. Ke2 Bc1 43. Bb5 1-0